[Event "Bad Soden U14 op 5th"]
[Site "Bad Soden"]
[Date "2018.10.01"]
[Round "4.12"]
[White "Ruppert, Henry"]
[Black "Coskun, Eray"]
[Result "1-0"]
[WhiteElo "1162"]
[BlackElo "1015"]
[PlyCount "115"]
[EventDate "2018.09.30"]
[EventType "swiss"]
[EventRounds "7"]
[EventCountry "GER"]
[SourceTitle "EXT 2020"]
[Source "ChessBase"]
[SourceDate "2019.10.17"]
[SourceVersion "1"]
[SourceVersionDate "2019.10.17"]
[SourceQuality "1"]

1. e4 e5 2. Nf3 Nc6 3. Bb5 Nf6 4. 0-0 Bc5 5. d3 h6 6. c3 d6 7. Nbd2 Bd7 8. Re1 0-0 9. Nf1 Re8 10. Ng3 Ne7 11. Bxd7 Qxd7 12. d4 Bb6 13. dxe5 Ng4 14. Rf1 Ng6 15. exd6 cxd6 16. h3 Nf6 17. Nd2 Rad8 18. Kh1 Qc7 19. Qc2 d5 20. exd5 Bxf2 21. d6 Qb6 22. Nde4 Nxe4 23. Nxe4 Bh4 24. g3 Bg5 25. Nxg5 hxg5 26. Bxg5 Rxd6 27. Qf2 Qxf2 28. Rxf2 Rde6 29. Rd1 Re1+ 30. Rxe1 Rxe1+ 31. Kg2 Ne5 32. Rd2 f6 33. Bf4 Nc4 34. Rf2 a5 35. b3 Nb6 36. Bc7 Nd7 37. Bxa5 Ne5 38. c4 Nd3 39. Bxe1 Nxf2 40. Bxf2 Kf7 41. Kf3 Ke6 42. g4 g5 43. Ke4 Kd6 44. Bd4 Ke6 45. b4 f5+ 46. gxf5+ Kf7 47. Ke5 Kg7 48. Ke6+ Kh6 49. Kf6 Kh5 50. Be3 g4 51. hxg4+ Kxg4 52. Kg6 Kf3 53. Bb6 Ke2 54. f6 Kd3 55. f7 Kxc4 56. f8Q Kb5 57. Qc5+ Ka4 58. Qa5# 1-0

[Event "Hessen-chC"]
[Site "Frankfurt"]
[Date "2018.05.13"]
[Round "7"]
[White "Ruppert, Henry"]
[Black "Klein, Simon"]
[Result "0-1"]
[WhiteElo "1181"]
[BlackElo "1383"]
[PlyCount "112"]
[EventDate "2018.05.10"]
[EventType "swiss"]
[EventRounds "7"]
[EventCountry "GER"]
[SourceTitle "EXT 2019"]
[Source "ChessBase"]
[SourceDate "2018.10.10"]
[SourceVersion "1"]
[SourceVersionDate "2018.10.10"]
[SourceQuality "1"]

1. e4 d6 2. d4 Nf6 3. Nc3 Nbd7 4. Nf3 e5 5. dxe5 dxe5 6. Bg5 Be7 7. Bc4 c6 8. 0-0 Qc7 9. Qd3 h6 10. Be3 Ng4 11. Bd2 Nf8 12. h3 Nf6 13. Ne2 g5 14. Qb3 Be6 15. Rad1 Bxc4 16. Qxc4 b5 17. Qc3 Ng6 18. Ng3 g4 19. Nh2 gxh3 20. gxh3 Rg8 21. Kh1 h5 22. Nf3 h4 23. Nf5 Nxe4 24. Qa5 Qxa5 25. Bxa5 Bc5 26. Ne3 Nxf2+ 27. Rxf2 Bxe3 28. Rg2 f6 29. Nxh4 Kf7 30. Nxg6 Rxg6 31. Rxg6 Kxg6 32. Kg2 Kf5 33. Kf3 Bf4 34. h4 e4+ 35. Ke2 Ke6 36. Rf1 Be5 37. Ke3 f5 38. Bc3 Bxc3 39. bxc3 Rh8 40. Rh1 Ke5 41. h5 f4+ 42. Ke2 Kf5 43. h6 Kg6 44. Rf1 Kg5 45. Rg1+ Kxh6 46. Rg4 Rf8 47. Rh4+ Kg5 48. Rh7 f3+ 49. Kf2 e3+ 50. Kxe3 f2 51. Rh1 f1Q 52. Rxf1 Rxf1 53. Kd4 Rf5 54. c4 Rf4+ 55. Kc5 Rxc4+ 56. Kd6 Rxc2 0-1

[Event "Hessen-chC"]
[Site "Frankfurt"]
[Date "2018.05.11"]
[Round "3"]
[White "Von Beckh, Frieda"]
[Black "Ruppert, Henry"]
[Result "0-1"]
[WhiteElo "1262"]
[BlackElo "1181"]
[PlyCount "74"]
[EventDate "2018.05.10"]
[EventType "swiss"]
[EventRounds "7"]
[EventCountry "GER"]
[SourceTitle "EXT 2019"]
[Source "ChessBase"]
[SourceDate "2018.10.10"]
[SourceVersion "1"]
[SourceVersionDate "2018.10.10"]
[SourceQuality "1"]

1. e4 d5 2. exd5 Qxd5 3. Nc3 Qa5 4. d4 Nf6 5. Nf3 Bg4 6. h3 Bh5 7. Be2 c6 8. Bf4 e6 9. 0-0 Nbd7 10. a3 Be7 11. Re1 0-0 12. Ne5 Bxe2 13. Rxe2 Nxe5 14. Bxe5 b5 15. Re3 Rfd8 16. Qf3 c5 17. Rd1 Qb6 18. Qf4 Nd5 19. Nxd5 Rxd5 20. Rg3 g6 21. Qh6 Bf8 22. Qf4 Bg7 23. Bc7 Qc6 24. Rf3 Rf5 25. Qd6 Qxd6 26. Bxd6 Rxf3 27. gxf3 Bxd4 28. c3 Rd8 29. cxd4 Rxd6 30. Rc1 cxd4 31. Rc8+ Kg7 32. Ra8 d3 33. Rxa7 d2 34. Rb7 d1Q+ 35. Kg2 Rd5 36. a4 Rg5+ 37. Kh2 Qg1# 0-1

[Event "Hessen-chC"]
[Site "Frankfurt"]
[Date "2018.05.10"]
[Round "2"]
[White "Ruppert, Henry"]
[Black "Mueller, Darius"]
[Result "1/2-1/2"]
[WhiteElo "1181"]
[BlackElo "928"]
[PlyCount "38"]
[EventDate "2018.05.10"]
[EventType "swiss"]
[EventRounds "7"]
[EventCountry "GER"]
[SourceTitle "EXT 2019"]
[Source "ChessBase"]
[SourceDate "2018.10.10"]
[SourceVersion "1"]
[SourceVersionDate "2018.10.10"]
[SourceQuality "1"]

1. e4 e5 2. Nf3 Nc6 3. Bb5 d6 4. 0-0 Nf6 5. d3 Be7 6. c3 0-0 7. Nbd2 a6 8. Ba4 Bd7 9. Re1 b5 10. Bb3 Na5 11. Bc2 c5 12. Nf1 Nc6 13. Ng3 Qc8 14. d4 cxd4 15. cxd4 exd4 16. Bb3 Be6 17. Bxe6 fxe6 18. Nxd4 Nxd4 19. Qxd4 Qd7 1/2-1/2

[Event "Bad Soden U10 op"]
[Site "Bad Soden"]
[Date "2017.10.02"]
[Round "7"]
[White "Ruppert, Henry"]
[Black "Nguyen, Jenny Ha Linh"]
[Result "1/2-1/2"]
[WhiteElo "1109"]
[BlackElo "1095"]
[PlyCount "42"]
[EventDate "2017.09.30"]
[EventType "swiss"]
[EventRounds "9"]
[EventCountry "GER"]
[SourceTitle "EXT 2019"]
[Source "ChessBase"]
[SourceDate "2018.10.10"]
[SourceVersion "1"]
[SourceVersionDate "2018.10.10"]
[SourceQuality "1"]

1. e4 e5 2. Nf3 Nc6 3. Bb5 a6 4. Ba4 Nf6 5. 0-0 Bc5 6. d3 d6 7. c3 0-0 8. Nbd2 Bd7 9. Re1 Ne7 10. Bb3 Ng6 11. Nf1 Re8 12. Ng3 Bb6 13. d4 exd4 14. cxd4 Ba5 15. Bd2 Bxd2 16. Qxd2 Bc6 17. Qc2 Qe7 18. d5 Bb5 19. Rac1 a5 20. Qxc7 Qxc7 21. Rxc7 b6 1/2-1/2